<?xml version="1.0" encoding="UTF-8"?><collection xmlns="info:lc/xmlns/marcxchange-v2"><record format="Unimarc" type="bibliographic"><leader>00651nam  2200217   450 </leader><controlfield tag="001">2624547</controlfield><controlfield tag="003">http://id.bnportugal.gov.pt/bib/porbase/2624547</controlfield><controlfield tag="005">20140110153200.0</controlfield><datafield ind1=" " ind2=" " tag="010"><subfield code="a">0-07-141620-X</subfield></datafield><datafield ind1=" " ind2=" " tag="035"><subfield code="a">304001-312000.iso/11-09-2014/2734</subfield></datafield><datafield ind1=" " ind2=" " tag="035"><subfield code="a">306763</subfield></datafield><datafield ind1=" " ind2=" " tag="100"><subfield code="a">20140110d2005    km y0pory0103    ba</subfield></datafield><datafield ind1="0" ind2=" " tag="101"><subfield code="a">eng </subfield></datafield><datafield ind1=" " ind2=" " tag="102"><subfield code="a">US </subfield></datafield><datafield ind1="1" ind2=" " tag="200"><subfield code="a">Adams and Victor's principles of neurology</subfield><subfield code="f">Allan H. Ropper, Robert H. Brown</subfield></datafield><datafield ind1=" " ind2=" " tag="205"><subfield code="a">8. ed</subfield></datafield><datafield ind1=" " ind2=" " tag="210"><subfield code="a">New York</subfield><subfield code="c">McGraw-Hill</subfield><subfield code="d">2005</subfield></datafield><datafield ind1=" " ind2=" " tag="215"><subfield code="a">X, 1382 p.</subfield><subfield code="c">il.,</subfield><subfield code="d">28 cm</subfield></datafield><datafield ind1=" " ind2=" " tag="675"><subfield code="a">616.8</subfield><subfield code="v">2med</subfield><subfield code="z">fre</subfield></datafield><datafield ind1=" " ind2="1" tag="700"><subfield code="a">Ropper</subfield><subfield code="b">Allan H.</subfield></datafield><datafield ind1=" " ind2="1" tag="702"><subfield code="4">070</subfield><subfield code="a">Brown</subfield><subfield code="b">Robert H.</subfield></datafield><datafield ind1=" " ind2="0" tag="801"><subfield code="a">PT</subfield><subfield code="b">UCJPII</subfield><subfield code="g">RPC</subfield></datafield></record></collection>